000 01049nas a2200361 4500
001 BR2013006363
003 BR-BrBNA
005 20231205122752.0
007 ta
008 230509b bl.|||p| |||| 00| 00por d
040 _aBR-BrBNA
_bpor
_cBiblioteca Nacional de Agricultura
041 _a(Pt)
072 _aH10
100 1 _aBisognin, M.
100 1 _aNava, D.E.
100 1 _aLisbôa, H.
100 1 _aBisognin, A.Z.
100 1 _aGarcia, M.S.
100 1 _aValgas, R.A.
100 1 _aDiez-Rodriguez, G.I.
100 1 _aBotton, M.
100 1 _aAntunes, L.E.C.
245 1 _aBiologia da mosca-das-frutas sul-americana em frutos de mirtilo amoreira-preta, araçazeiro e pintangueira
650 _aMIRTILO
650 _aAMORA PRETA
650 _aARAÇA
650 _aPITANGA
650 _aMOSCA DA FRUTA
650 _aBIOLOGIA
773 0 _tPesquisa Agropecuária Brasileira (Brazil)
_xISSN 0100-203X
_g(Feb 2013), v. 48(2) p. 141-147
_wBR2013006363
909 _a202311
_bLúcia
_c55
_dLúcia Elande
942 _2AGRIS
_n0
_cANA
999 _c230459
_d230459